1537 1453 1749 1536 1819 1396 1938 1156 1552 1384 1187 1142 1907 1713 1459 1218 1222 1528 1463 1098 1173 1763 1193 1291 1633 1132 1362 1900 1925 1314 1242 1380 1204 1435 1973 1949 1028 1256 1630 1968 1222 1083 1375 1854 1596 1684 1700 1302 1973 1571 1271 1091 1231 1522 1895 1123 1590 1702 1191 1265 1723 1625 1012 1327 1665 1931 1418 1235 1369 1510 1247 1380 1842 1803 1637 1819 1016 1784 1370 1014 1009 1971 1966 1076 1965 1598 1220 1049 1060 1093 1920 1057 1355 1965 1952 1761 1924 1388 1938 BCNSPRNW ULIB Ver.6.0+V

เปลี่ยนเป็นภาษาไทย

Change to English
 แสดงรายละเอียดบรรณานุกรม
  กลับหน้าหลัก

Brief Record : Get Marc (ISO 2709) : E-mail record : QR code < ปิดหน้าต่าง
LEADER : 00000nam 2200000uu 4500
001    13399109044
003     ULIB
008    110320s2546||||th 000 0 tha d
020    9749021738
060 04 WX158^bก513 2546
245 10 การวางแผนจำหน่ายผู้ป่วย :^bแนวคิดและการประยุกต์ใช้ /^cวันเพ็ญ พิชิตพรชัยและอุษาวดี อัศดรวิเศษ [บรรณาธิการ]
250    พิมพ์ครั้งที่ 2 (ฉบับปรับปรุง)
260    กรุงเทพฯ :^bคณะพยาบาลศาสตร์ มหาวิทยาลัยมหิดล,^c2546
300    126 หน้า :^bภาพประกอบ ;^c26 ซม.
650  7 ผู้ป่วย, การจำหน่ายออกจากโรงพยาบาล
700 0  วันเพ็ญ พิชิตพรชัย,^eบรรณาธิการ
700 0  อุษาวดี อัศดรวิเศษ,^eบรรณาธิการ
710 2  มหาวิทยาลัยมหิดล. ^bคณะพยาบาลศาสตร์
945    ^p70^l0^i017676
945    ^p70^l0^i017677
945    ^p70^l0^i017675
995    เกษร
999 ^a ใช้งานได้ทุกระบบ
รายการนี้ยังไม่มีแท็ก
คุณยังไม่ได้ล็อกอิน คุณสามารถมีกิจกรรมร่วมกับเว็บไซต์ได้ แต่ต้องล็อกอินก่อน ::
  ล็อกอิน

รายการสื่อสารสนเทศ

ลำดับที่ ประเภท เลขเรียก/บาร์โค้ด สถานที่ สถานะ
- ไม่พบข้อมูล -

รายการใกล้เคียง
    หัวเรื่อง [ผู้ป่วย, การจำหน่ายออกจากโรงพยาบาล]

BibComment


ยังไม่เคยถูกคอมเมนท์

คอมเมนท์ทรัพยากรรายการนี้
  คอมเมนท์: การวางแผนจำหน่ายผ..


 Copyright 2026. Bcnsprnw @Library